000 00894nam a2200217Ia 4500
001 2508
003 GE_BSU
008 181216s||||||||xx |||||||||||||| ||und||
020 _a9789994037223
040 _cGE_BSU
080 _a796(075.8)
245 _aფიზიკური აღზრდისა და სპორტის თეორიისა და მეთოდიკის საფუძვლები (მე–3 ნაწილი)
245 _bსპორტის თეორია დამხმარე სახელმძღვანელო
245 _c[რედ გიული კახიძე]
260 _aთბილისი
260 _c2007
300 _a216 გვ.
541 _h7 ლ.
653 _aფიზიკური აღზრდისა და მეთოდიკის საფუძვლები
942 _cBK
999 _c36589
_d36589